Neebs Fundamentals of Mental Health Nursing (Record no. 158044)

MARC details
000 -LEADER
fixed length control field 00421nam a2200145Ia 4500
008 - FIXED-LENGTH DATA ELEMENTS--GENERAL INFORMATION
fixed length control field 230411s9999 xx 000 0 und d
020 ## - INTERNATIONAL STANDARD BOOK NUMBER
International Standard Book Number 978-93-5152-796-1
041 ## - LANGUAGE CODE
Language code of text/sound track or separate title eng
082 ## - DEWEY DECIMAL CLASSIFICATION NUMBER
Classification number PS/610.7365/GOR/B08227
100 ## - MAIN ENTRY--PERSONAL NAME
Personal name Gorman Linda & Anwar Robynn
9 (RLIN) 179858
245 ## - TITLE STATEMENT
Title Neebs Fundamentals of Mental Health Nursing
260 ## - PUBLICATION, DISTRIBUTION, ETC. (IMPRINT)
Name of publisher, distributor, etc. F A Davis Company
Place of publication, distribution, etc. Philadelphia
Date of publication, distribution, etc. 2015
300 ## - PHYSICAL DESCRIPTION
Extent 416p
Holdings
Withdrawn status Lost status Damaged status Not for loan Collection code Home library Current library Date acquired Vendor Cost, normal purchase price Bill number Total Checkouts Total Renewals Full call number Barcode Date last seen Date last checked out Cost, replacement price Bill Date Koha item type Original Barcode
          Smt. Bakul Tambat Institute of Nursing Education Smt. Bakul Tambat Institute of Nursing Education 13/05/2016 Jaypee Brothers Medical Publishers 595.00 11 1 1 PS 610.7365 GOR B08227 BTIN-BK-8227 01/12/2023 07/11/2023 428.40 13/05/2016 Books B08227